00621nam a2200193Ia 4500952013100000999001700131003000400148005001700152008004100169020001800210040000900228082002200237100002500259245003900284260003200323300000900355650001300364942005000377 00102ddc40708SSaMESbMEScMALd2019-02-20g60.00l0o894.812301 RAM/Jp31886r2019-02-20 00:00:00w2019-02-20yBKzGR30R3 c29203d29203OSt20210107090421.0190216s9999||||xx |||||||||||||| ||und|| a9788126400607 coclc a894.812301bRAM/J aRamanunni, K P96841 0aJathi Chothikkuka /cK P Ramanunni bDc Books,aKottayam.c2006. a144p aKathakal cBK2ddch894.812301iRAM/Jk894.812301mRAM/J